Советские артиллеристы во время уличных боев в Бреслау. 1-й Украинский фронт

RUSMARC
00005004ckm0a2200337#x 450
001b2181531-6715-45de-83c7-84af5e67cbc0
00520250303173502.0
100##$a20250303j19450306k###0rusy50 ca
102##$aPL
116##$afiybxx####zz####zz
1220#$ad19450306##
2001#$aСоветские артиллеристы во время уличных боев в Бреслау. 1-й Украинский фронт
$j6 марта 1945 г.
251##$cДокумент
300##$aФотография
300##$aПодлинник
300##$aИз фотохроники ТАСС. Фотографы Б. С. Лосин и Р. А. Мазелев
461#0$12001
$aФ. 4п
$1251
$cФонд
$1852
$j4п
462#0$12001
$aОп. 33а
$1251
$cОпись
$1852
$j33а
462#0$12001
$aД. 13
$vЛ. 446
$1251
$cДело
$1852
$j13
60102$2nlr_sh
$3RU\NLR\AUTH\6601548633
$aУкраинский фронт
$c1; 1943 – 1945
$jФотографии
605##$2prlib_sh
$3LIBNET\UAF\0000088514
$aВторая мировая война в архивных документах (Комплекс оцифрованных архивных документов, кино- и фотоматериалов)
$lколлекция
605##$2acquisition_Prlib
$3DITM\AF\0000003834
$aНарод
$lколлекция
607##$2nlr_sh
$3RU\NLR\AUTH\661535725
$aБреслау, город (Германия)
$xОсада
$z1945
$jФотографии
608##$2prlib_sh
$3LIBNET\UAF\0000115139
$aДокументальные фотографии
$z1945
686##$a63.3(2)622,13я61
$2rubbk
$vLBC/M
686##$a63.3(0)62-6я61
$vLBC/M
$2rubbk
801#0$aRU
$bПБ им. Б.Н. Ельцина
$c20250303
801#1$aRU
$bПБ им. Б.Н. Ельцина
$c20250303
$2rusmarc
801#2$aRU
$bПБ им. Б.Н. Ельцина
$c20250303
$2rusmarc
850##$aРоссийский государственный военный архив
852##$aРГВА
$jЛ. 446
035##$aLIBNET\0001458134
937##$d196195022
$hФедеральное архивное агентство
8564#$uhttp://readingroom.main.prlib.ru/item.aspx?id_node=n196195022&mode=full
Формат отображения